Statistics for LE SSERAFIM Songs

Click here to take the quiz!

General Stats

  • This quiz has been taken 617 times
    (410 since last reset)
  • The average score is 12 of 17

Answer Stats

Answer% Correct
FEARLESS
97%
UNFORGIVEN
96%
ANTIFRAGILE
94%
Blue Flame
84%
Sour Grapes
84%
Impurities
76%
이브, 프시케 그리고 푸른 수염의 아내 (Eve, Psyche & The Bluebeard’s wife)
65%
The Hydra
65%
The Great Mermaid
64%
No Celestial
62%
Fire in the belly
60%
Good Parts (when the quality is bad but I am)
60%
The World Is My Oyster
60%
피어나 (Between you, me & the lamppost)
57%
No-Return (Into the unknown)
55%
Burn the Bridge
53%
Flash Forward
43%

Score Distribution

Percentile by Number Answered

Percent of People with Each Score

Your Score History

You have not taken this quiz since the last reset